THE WASHINGTON MANUAL OF MEDICAL THERAPEUTICS (Record no. 452)

MARC details
000 -LEADER
fixed length control field 00367nam a2200145Ia 4500
008 - FIXED-LENGTH DATA ELEMENTS--GENERAL INFORMATION
fixed length control field 150201s2007 xx 000 0 und d
082 ## - DEWEY DECIMAL CLASSIFICATION NUMBER
Classification number 610
Item number M07C
100 ## - MAIN ENTRY--PERSONAL NAME
Personal name COOPER,DH
245 ## - TITLE STATEMENT
Title THE WASHINGTON MANUAL OF MEDICAL THERAPEUTICS
250 ## - EDITION STATEMENT
Edition statement 32ND
260 ## - PUBLICATION, DISTRIBUTION, ETC. (IMPRINT)
Name of publisher, distributor, etc. WOLTER KLUWER
Place of publication, distribution, etc. DELHI
Date of publication, distribution, etc. 2007
300 ## - PHYSICAL DESCRIPTION
Extent 1-862
650 ## - SUBJECT ADDED ENTRY--TOPICAL TERM
Topical term or geographic name as entry element MEDICINE AND DIAGNOSIS
942 ## - ADDED ENTRY ELEMENTS (KOHA)
Source of classification or shelving scheme Dewey Decimal Classification
Koha item type Books
Holdings
Withdrawn status Lost status Source of classification or shelving scheme Damaged status Not for loan Collection code Home library Current library Shelving location Date acquired Source of acquisition Cost, normal purchase price Serial Enumeration / chronology SGTU Bill Number Total Checkouts Full call number Barcode Date last seen Bill Date Koha item type
    Dewey Decimal Classification   Not For Loan MEDICAL SGT Medical Library SGT Medical Library Reference Book 12/02/2010 U.B.S. DELHI 695.00 I SGTU 950   610 M07C FM2174 09/02/2015 30/03/2011 Books
    Dewey Decimal Classification   Not For Loan MEDICAL SGT Medical Library SGT Medical Library Reference Book 12/02/2010 U.B.S. DELHI 695.00 I SGTU 950   610 M07C FM2175 09/02/2015 30/03/2011 Books